| 000 | 00000nam 2200000za 4500 |
| 001 | 9.620890 |
| 003 | CaOODSP |
| 005 | 20210615104146 |
| 007 | ta |
| 008 | 150406|1993||||xxc||||| f|0| 0 fre d |
| 020 | |a0-660-94275-5 |
| 040 | |aCaOODSP|bfre |
| 043 | |an-cn--- |
| 086 | 1 |aZ1-1991/1-11-4F |
| 110 | 1 |aCanada.|bCommissions royales. |bCommission royale sur les peuples autochtones. |
| 245 | 10|aSur la chemin de la guérison : |brapport de la Table ronde nationale sur la santé et les questions sociales / |cpar Louis T. Montour, Président. |
| 260 | |aOttawa - Ontario : |bCommissions royales. |c1993. |
| 300 | |a373p. : |bgraphiques, références, tableaux ; |c25 cm. |
| 490 | 1 |a[Rapports et comptes rendus des tables rondes nationales] |
| 500 | |a«Le présent document a été commandé par la Commission royale sur les peuples autochtones (CRPA) à titre de résumé des travaux de la Table ronde nationale sur la santé et les questions sociales, tenue à Vancouver du 10 au 12 mars 1993.»--Page 7. Sommaire: Introduction.--Compte rendu du rapporteur.--Mémoires.--Quatre initiatives sociales communautaires.--Quatre initiatives médicales communautaires.--Allocutions.--Résumé des délibérations.--Annexes: Programme; Participants et observateurs. |
| 520 | 3 |aDonne un aperçu des questions de santé en milieu autochtone et parle des sujets suivants : santé communautaire, violence familiale, suicide chez les jeunes, toxicomanie, syndrome d'alcoolisme foetal, sida et incapacité. Il y est aussi question de l'impact du transfert de la responsabilité des services de santé autochtone du gouvernement fédéral à d'autres gouvernements et d'un certain nombre de réussites communautaires sur le plan social et en matière de santé. |
| 563 | |aCouverture souple |
| 590 | |a93-29|b1993-07-23 |
| 691 | 07|aAutochtones|2gcpds |
| 691 | 07|aSanté|2gcpds |
| 691 | 07|aConditions sociales|2gcpds |
| 720 | 1 |aMontour, Louis T. |
| 775 | 08|tThe path to healing : |w(CaOODSP)9.608865 |
| 776 | 0#|tSur le chemin de la guérison |w(CaOODSP)9.830083 |
| 830 | #0|a[Rapports et comptes rendus des tables rondes nationales]|w(CaOODSP)9.513276 |